[Event "FICS rated blitz game"]
[Site "FICS freechess.org"]
[Date "2018.01.31"]
[Round "?"]
[White "willyaplayme"]
[Black "tboeker"]
[Result "1-0"]
[WhiteElo "1389"]
[BlackElo "1289"]
[PlyCount "91"]
[EventDate "2018.??.??"]
[EventType "blitz"]

1. e4 e5 2. Nf3 Nc6 3. c3 Bc5 4. Qe2 Nf6 5. h3 d6 6. d3 Be6 7. Nbd2 O-O 8. b4
Bb6 9. Ng5 Bd7 10. Nc4 h6 11. Nxb6 axb6 12. Nf3 d5 13. g3 dxe4 14. dxe4 Re8 15.
Bg2 Nh7 16. h4 Bg4 17. O-O Qf6 18. b5 Ne7 19. Qe3 Ng6 20. Nh2 Be6 21. Bd2 Qe7
22. Rfe1 f5 23. exf5 Bxf5 24. Bxb7 Rad8 25. Bc6 Rf8 26. f4 Nxh4 27. g4 Bd7 28.
f5 Ng5 29. Qxe5 Qc5+ 30. Be3 Qxe5 31. Bxg5 Qg3+ 32. Kf1 Qg2+ 33. Bxg2 Nxg2 34.
Kxg2 hxg5 35. Nf3 Bxb5 36. Nxg5 Rd2+ 37. Kh3 Rfd8 38. Ne6 R8d3+ 39. Kh4 Rh2+
40. Kg5 Rg3 41. Nxc7 Bd7 42. Re7 Bxf5 43. Kf4 Rgg2 44. gxf5 Rh4+ 45. Kf3 Rgg4
46. Ne6 1-0

[Event "FICS unrated blitz game"]
[Site "FICS freechess.org"]
[Date "2018.01.31"]
[Round "?"]
[White "SargonV"]
[Black "elosdomal"]
[Result "0-1"]
[WhiteElo "1437"]
[BlackElo "1091"]
[PlyCount "64"]
[EventDate "2018.??.??"]
[EventType "blitz"]

1. e4 e5 2. Nf3 Nc6 3. c3 d6 4. d4 Bg4 5. Bc4 Bxf3 6. Qxf3 Qe7 7. Be3 exd4 8.
cxd4 O-O-O 9. Nc3 Nf6 10. O-O-O Nb4 11. d5 Qe5 12. a3 Na6 13. Bxa6 bxa6 14. Qe2
Kb7 15. Qc4 Rb8 16. Qc6+ Kc8 17. Qxa6+ Rb7 18. f3 Be7 19. Bxa7 Qf4+ 20. Kb1 Rd8
21. Bd4 Nd7 22. Nb5 Nc5 23. Bxc5 dxc5 24. Na7+ Kb8 25. Nc6+ Kc8 26. Qa8+ Kd7
27. Nxd8 Rb3 28. Nc6 Qf6 29. e5 Qh4 30. e6+ Kd6 31. exf7 Qf6 32. Nxe7 Qxb2# {
White checkmated} 0-1

[Event "FICS rated blitz game"]
[Site "FICS freechess.org"]
[Date "2018.01.31"]
[Round "?"]
[White "RADACK"]
[Black "prickler"]
[Result "1-0"]
[WhiteElo "1576"]
[BlackElo "1582"]
[PlyCount "23"]
[EventDate "2018.??.??"]
[EventType "blitz"]

1. e4 e5 2. Nf3 Nc6 3. c3 Bc5 4. b4 Bb6 5. b5 Nce7 6. Nxe5 Nf6 7. Qc2 O-O 8. d4
d5 9. exd5 Nexd5 10. Bd3 Re8 11. O-O Nf4 12. Bxf4 {Black resigns} 1-0

[Event "FICS rated blitz game"]
[Site "FICS freechess.org"]
[Date "2018.01.31"]
[Round "?"]
[White "lopencjo"]
[Black "rotwai"]
[Result "1/2-1/2"]
[WhiteElo "1837"]
[BlackElo "1743"]
[PlyCount "113"]
[EventDate "2018.??.??"]
[EventType "blitz"]

1. e4 e5 2. Nf3 Nc6 3. c3 d6 4. b4 a6 5. a4 Bg4 6. Bc4 Nf6 7. Qb3 Qd7 8. d3
Bxf3 9. gxf3 g6 10. Bb2 Bg7 11. O-O O-O 12. Kh1 Nh5 13. Bc1 Qh3 14. Qd1 Nf4 15.
Bxf4 exf4 16. d4 Kh8 17. Rg1 Rae8 18. Nd2 h6 19. Rg4 g5 20. Qf1 Qxf1+ 21. Rxf1
Ne7 22. h4 f6 23. hxg5 fxg5 24. Kg2 Ng6 25. Rh1 Nh4+ 26. Rhxh4 gxh4 27. Rxh4
Rf6 28. Rg4 Re7 29. Nb3 Kh7 30. Na5 c6 31. Bd3 Kg8 32. Nc4 Kf8 33. e5 dxe5 34.
dxe5 Rfe6 35. Bf5 Rxe5 36. Nxe5 Bxe5 37. Be4 Rg7 38. c4 h5 39. Rxg7 Kxg7 40.
Kh3 Bf6 41. b5 axb5 42. axb5 cxb5 43. cxb5 b6 44. Bd5 Kh6 45. Be4 Kg5 46. Bd5
Bd4 47. Be4 Bxf2 48. Bc6 Bg3 49. Be4 Kf6 50. Bc6 Ke5 51. Be4 Kd4 52. Bc6 h4 53.
Be4 Kc5 54. Bc6 Kd4 55. Be4 Kc5 56. Bc6 Kd4 57. Be4 1/2-1/2

[Event "FICS rated blitz game"]
[Site "FICS freechess.org"]
[Date "2018.01.31"]
[Round "?"]
[White "bobbydaffy"]
[Black "Lostbishop"]
[Result "1-0"]
[WhiteElo "1409"]
[BlackElo "1396"]
[PlyCount "51"]
[EventDate "2018.??.??"]
[EventType "blitz"]

1. e4 e5 2. Nf3 Nc6 3. c3 Nf6 4. d4 Nxe4 5. d5 Ne7 6. Nxe5 Nd6 7. c4 f6 8. c5
fxe5 9. cxd6 cxd6 10. Bc4 Ng6 11. Nc3 Be7 12. O-O O-O 13. Ne4 Qc7 14. Bb3 b6
15. Qh5 Nf4 16. Bxf4 exf4 17. Rac1 Qd8 18. Bc2 g6 19. Qh3 Bb7 20. Nc3 Rc8 21.
Rfe1 Bf6 22. Qg4 Rf7 23. Re4 Be5 24. Rce1 Bxc3 25. bxc3 Bxd5 26. Re8+ 1-0

[Event "FICS rated blitz game"]
[Site "FICS freechess.org"]
[Date "2018.01.31"]
[Round "?"]
[White "willyaplayme"]
[Black "Abulhawl"]
[Result "0-1"]
[WhiteElo "1438"]
[BlackElo "1384"]
[PlyCount "128"]
[EventDate "2018.??.??"]
[EventType "blitz"]

1. e4 e5 2. Nf3 Nc6 3. c3 Nf6 4. Qe2 Bc5 5. h3 O-O 6. d3 Re8 7. g3 h6 8. Bg2 d5
9. Nbd2 dxe4 10. dxe4 Be6 11. O-O a6 12. Kh1 b5 13. Ng1 Qd7 14. b4 Bb6 15. a3
Rad8 16. Ndf3 Bc4 17. Qc2 Bxf1 18. Bxf1 Qd1 19. Qxd1 Rxd1 20. Be2 Nxe4 21. Bxd1
Nxf2+ 22. Kg2 Nxd1 23. Bd2 Ne3+ 24. Bxe3 Bxe3 25. Re1 Bb6 26. h4 e4 27. Nd4
Nxd4 28. cxd4 Bxd4 29. Ne2 Bb6 30. Nf4 f6 31. Nd5 Kf7 32. g4 Re5 33. Nxb6 cxb6
34. Kg3 g5 35. h5 Ke6 36. Re3 f5 37. gxf5+ Kxf5 38. Re2 a5 39. Re3 Rd5 40. Kf2
Rd3 41. Rxd3 exd3 42. Ke3 d2 43. Kxd2 Kg4 44. Ke2 Kxh5 45. Kf2 Kg4 46. Kg2 Kf4
47. Kh2 g4 48. Kg2 h5 49. Kh2 h4 50. Kg2 axb4 51. Kh2 bxa3 52. Kg2 a2 53. Kf2
a1=Q 54. Ke2 b4 55. Kd3 b3 56. Kc4 b2 57. Kb3 b1=Q+ 58. Kc4 Qc1+ 59. Kd5 Qd1+
60. Ke6 Qe1+ 61. Kf7 Qa7+ 62. Kg6 Qe6+ 63. Kh5 Qa5+ 64. Kxh4 Qh6# {White
checkmated} 0-1

[Event "FICS rated blitz game"]
[Site "FICS freechess.org"]
[Date "2018.01.31"]
[Round "?"]
[White "HotCarl"]
[Black "woodpusherghd"]
[Result "0-1"]
[WhiteElo "1503"]
[BlackElo "1495"]
[PlyCount "66"]
[EventDate "2018.??.??"]
[EventType "blitz"]

1. e4 e5 2. Nf3 Nc6 3. c3 d5 4. exd5 Qxd5 5. Be2 Bg4 6. O-O O-O-O 7. c4 Qe6 8.
d3 Bc5 9. Nc3 Nf6 10. Bg5 h6 11. Bh4 g5 12. Bg3 e4 13. Ne1 Bxe2 14. Qxe2 Nd4
15. Qd1 h5 16. h3 g4 17. h4 Nf5 18. Qa4 Nxg3 19. b4 Bd4 20. Nb5 Ne2+ 21. Kh1
Qb6 22. Nxd4 Nxd4 23. c5 Qa6 24. Qxa6 bxa6 25. dxe4 Nxe4 26. a4 Rhe8 27. b5 Nd2
28. b6 axb6 29. cxb6 cxb6 30. Rc1+ Kb7 31. Kg1 Ne2+ 32. Kh2 Nxc1 33. Nc2 Nxf1+
{White resigns} 0-1

[Event "FICS rated blitz game"]
[Site "FICS freechess.org"]
[Date "2018.01.31"]
[Round "?"]
[White "proximab"]
[Black "didijer"]
[Result "1-0"]
[WhiteElo "2006"]
[BlackElo "1015"]
[PlyCount "30"]
[EventDate "2018.??.??"]
[EventType "blitz"]

1. e4 e5 2. Nf3 Nc6 3. c3 d6 4. d4 Bg4 5. d5 Bxf3 6. Qxf3 Nce7 7. Bc4 Nf6 8.
Bg5 Nd7 9. O-O h6 10. Be3 Ng6 11. Qf5 a5 12. Bb5 Be7 13. Nd2 O-O 14. Bxd7 Bh4
15. g3 Bf6 1-0

[Event "FICS rated blitz game"]
[Site "FICS freechess.org"]
[Date "2018.01.31"]
[Round "?"]
[White "Buernmacker"]
[Black "Klunsov"]
[Result "1-0"]
[WhiteElo "1480"]
[BlackElo "1517"]
[PlyCount "119"]
[EventDate "2018.??.??"]
[EventType "blitz"]

1. e4 e5 2. Nf3 Nc6 3. c3 Nf6 4. d3 Be7 5. Be2 O-O 6. O-O d5 7. Nbd2 a6 8. Re1
b5 9. a3 Be6 10. Ng5 Bd7 11. Ngf3 h6 12. b3 Be6 13. b4 Qc8 14. Bf1 Rd8 15. Qc2
dxe4 16. Nxe4 Nxe4 17. dxe4 Bf6 18. Be3 Rd7 19. Red1 Rxd1 20. Rxd1 Qe8 21. Ne1
Rd8 22. Nd3 Be7 23. Bc5 f6 24. Bxe7 Nxe7 25. Nc5 Bc8 26. Be2 Ng6 27. g3 Rd6 28.
Bh5 Kh7 29. f4 exf4 30. gxf4 Rxd1+ 31. Qxd1 Qe7 32. Bxg6+ Kxg6 33. f5+ Kh7 34.
Qg4 Qe5 35. Qf3 Qd6 36. h4 Bd7 37. Qd3 Qxd3 38. Nxd3 g6 39. fxg6+ Kxg6 40. Kf2
Kf7 41. Kf3 Ke6 42. Nc5+ Kd6 43. Nxa6 Ke5 44. Nc5 Bc6 45. Nd3+ Ke6 46. Ke3 f5
47. exf5+ Kxf5 48. Kd4 Be4 49. c4 c6 50. Nb2 Bg2 51. Nd1 Kf4 52. cxb5 cxb5 53.
Nc3 Bc6 54. Kc5 Be8 55. Nxb5 Kg4 56. a4 Kxh4 57. a5 Kg3 58. a6 Bg6 59. a7 Be4
60. Nd6 {Black resigns} 1-0

[Event "FICS rated blitz game"]
[Site "FICS freechess.org"]
[Date "2018.01.31"]
[Round "?"]
[White "SargonV"]
[Black "Tcpuig"]
[Result "1-0"]
[WhiteElo "1447"]
[BlackElo "1273"]
[PlyCount "27"]
[EventDate "2018.??.??"]
[EventType "blitz"]

1. e4 e5 2. Nf3 Nc6 3. c3 Nf6 4. d4 d6 5. Bc4 Nxe4 6. dxe5 Nxe5 7. Nxe5 Qh4 8.
Bxf7+ Kd8 9. O-O h6 10. Bb3 Be7 11. Nf7+ Ke8 12. Nxh8 Bg4 13. f3 Bxf3 14. Qxf3
{Black resigns} 1-0

[Event "FICS rated blitz game"]
[Site "FICS freechess.org"]
[Date "2018.01.31"]
[Round "?"]
[White "kingmaple"]
[Black "Orienteer"]
[Result "0-1"]
[WhiteElo "1540"]
[BlackElo "1462"]
[PlyCount "48"]
[EventDate "2018.??.??"]
[EventType "blitz"]

1. e4 e5 2. Nf3 Nc6 3. c3 Nf6 4. Qe2 a5 5. d4 b6 6. d5 Ba6 7. c4 Ne7 8. b3 Ng6
9. Nc3 Bb4 10. Bd2 O-O 11. Nb5 Bxd2+ 12. Qxd2 Nxe4 13. Qe3 f5 14. Bd3 Nc5 15.
Be2 d6 16. O-O e4 17. Nd2 Bxb5 18. cxb5 Qf6 19. Rac1 Rae8 20. Nc4 f4 21. Qc3
Qg5 22. Kh1 f3 23. gxf3 exf3 24. Bd1 Qg2# {White checkmated} 0-1

[Event "FICS unrated blitz game"]
[Site "FICS freechess.org"]
[Date "2018.01.31"]
[Round "?"]
[White "ukw"]
[Black "kalu"]
[Result "1-0"]
[WhiteElo "1611"]
[BlackElo "1552"]
[PlyCount "41"]
[EventDate "2018.??.??"]
[EventType "blitz"]

1. e4 e5 2. Nf3 Nc6 3. c3 Nf6 4. d4 Nxe4 5. d5 Nb8 6. Qe2 Nf6 7. Nxe5 Be7 8. c4
O-O 9. Bg5 Re8 10. g3 d6 11. Nf3 Ng4 12. Be3 Nxe3 13. fxe3 Bg4 14. Bg2 Bg5 15.
O-O Bxe3+ 16. Kh1 Nd7 17. Qc2 Nf6 18. Nc3 a6 19. Rae1 Qd7 20. Nd1 Bd4 21. Nxd4
{Black resigns} 1-0

[Event "FICS rated blitz game"]
[Site "FICS freechess.org"]
[Date "2018.01.31"]
[Round "?"]
[White "sampaths"]
[Black "dadek"]
[Result "0-1"]
[WhiteElo "1575"]
[BlackElo "1606"]
[PlyCount "54"]
[EventDate "2018.??.??"]
[EventType "blitz"]

1. e4 e5 2. Nf3 Nc6 3. c3 Nf6 4. d4 exd4 5. cxd4 Nxe4 6. d5 Ne7 7. Nc3 Nxc3 8.
bxc3 d6 9. Bb5+ Bd7 10. Bxd7+ Qxd7 11. O-O Ng6 12. Re1+ Be7 13. Bg5 O-O 14.
Bxe7 Nxe7 15. c4 Rae8 16. Rb1 b6 17. Qd3 Ng6 18. Nd4 Ne5 19. Qa3 a5 20. Re3
Nxc4 21. Qc3 Nxe3 22. fxe3 Re4 23. Rf1 Rfe8 24. Qc6 Qxc6 25. Nxc6 Rxe3 26. g3
Re2 27. h4 Rxa2 {White resigns} 0-1

[Event "FICS rated blitz game"]
[Site "FICS freechess.org"]
[Date "2018.01.31"]
[Round "?"]
[White "Rolwade"]
[Black "Phillimon"]
[Result "0-1"]
[WhiteElo "1401"]
[BlackElo "1394"]
[PlyCount "160"]
[EventDate "2018.??.??"]
[EventType "blitz"]

1. e4 Nc6 2. Nf3 e5 3. c3 Nf6 4. Bd3 Bc5 5. Bc2 d5 6. exd5 e4 7. h3 exf3 8.
dxc6 fxg2 9. Rg1 bxc6 10. Rxg2 Bxh3 11. Rxg7 Ng4 12. Rxg4 Bxg4 13. Qxg4 Qe7+
14. Qe2 Qxe2+ 15. Kxe2 O-O-O 16. d4 Rde8+ 17. Be3 Bb6 18. a3 h5 19. Nd2 h4 20.
Nf1 h3 21. Ng3 Kb7 22. Rh1 c5 23. Bf5 cxd4 24. cxd4 Bxd4 25. b4 h2 26. Nf1 Bb2
27. a4 Re5 28. Bc2 Rhe8 29. Rxh2 Ba3 30. b5 Rc5 31. Bd1 Rc3 32. Kd2 Bb4 33. Ke2
Ra3 34. Rh4 Ra2+ 35. Kf3 Bd6 36. Kg2 f5 37. Kg1 Rg8+ 38. Ng3 Ra1 39. Rd4 Rxd1+
40. Rxd1 f4 41. Bxf4 Bxf4 42. Kh2 Bd6 43. Kg2 Kb6 44. Rd4 Ka5 45. Re4 Bb4 46.
f4 Kxa4 47. Kf3 Kxb5 48. Nf5 Kb6 49. Nd4 Bc5 50. Ne6 Bd6 51. f5 Rg3+ 52. Kf2
Rg8 53. f6 Kc6 54. f7 Rg6 55. f8=Q Bxf8 56. Nxf8 Rf6+ 57. Ke3 Rxf8 58. Ra4 Kb6
59. Kd3 Rf5 60. Kc3 Rc5+ 61. Kb3 a5 62. Ka3 Rb5 63. Rh4 c5 64. Rh6+ Kc7 65. Ka4
Rb6 66. Kxa5 Rxh6 67. Kb5 Rc6 68. Kc4 Kb6 69. Kc3 c4 70. Kc2 Ka5 71. Kb2 Ka4
72. Kc3 Ka3 73. Kc2 Ka2 74. Kc1 c3 75. Kc2 Rc5 76. Kc1 Ka1 77. Kc2 Rc4 78. Kc1
c2 79. Kd2 c1=Q+ 80. Ke2 Re4+ {White resigns} 0-1

[Event "FICS rated blitz game"]
[Site "FICS freechess.org"]
[Date "2018.01.31"]
[Round "?"]
[White "RADACK"]
[Black "ROYBY"]
[Result "0-1"]
[WhiteElo "1602"]
[BlackElo "1560"]
[PlyCount "52"]
[EventDate "2018.??.??"]
[EventType "blitz"]

1. e4 e5 2. Nf3 Nc6 3. c3 Bc5 4. b4 Bb6 5. b5 Na5 6. d4 exd4 7. cxd4 Ne7 8. Bd3
d6 9. h3 O-O 10. Be3 f5 11. exf5 Nxf5 12. Qc2 Qe8 13. O-O g6 14. Re1 Nxe3 15.
Rxe3 Qf7 16. Nbd2 Bf5 17. Ne4 d5 18. Neg5 Bxd3 19. Qxd3 Qf5 20. Qd2 Nc4 21. Qe2
Nxe3 22. fxe3 Rae8 23. Qd2 h6 24. g4 Qf6 25. Ne5 Rxe5 26. dxe5 Qxe5 {White
resigns} 0-1

[Event "FICS rated blitz game"]
[Site "FICS freechess.org"]
[Date "2018.01.31"]
[Round "?"]
[White "Kjosavik"]
[Black "andiasanan"]
[Result "0-1"]
[WhiteElo "1526"]
[BlackElo "1586"]
[PlyCount "50"]
[EventDate "2018.??.??"]
[EventType "blitz"]

1. e4 e5 2. Nf3 Nc6 3. c3 Nf6 4. d4 exd4 5. e5 Qe7 6. cxd4 d6 7. Bb5 Bd7 8. Qe2
dxe5 9. Bxc6 Bxc6 10. dxe5 Bxf3 11. gxf3 Nd7 12. f4 O-O-O 13. Nc3 Qe6 14. Be3
Nb6 15. O-O Qh3 16. Ne4 Be7 17. Rac1 Kb8 18. Ng3 Nd5 19. Qh5 Qe6 20. f5 Qxe5
21. Qxf7 Nxe3 22. fxe3 Qxe3+ 23. Kg2 Bd6 24. Rc2 Qe4+ 25. Kh3 Qxc2 {White
resigns} 0-1

[Event "FICS rated standard game"]
[Site "FICS freechess.org"]
[Date "2018.01.31"]
[Round "?"]
[White "barkerz"]
[Black "GriffySr"]
[Result "0-1"]
[WhiteElo "1675"]
[BlackElo "2168"]
[PlyCount "50"]
[EventDate "2018.??.??"]

1. e4 e5 2. Nf3 Nc6 3. c3 f5 4. d3 fxe4 5. dxe4 Nf6 6. Bd3 Bc5 7. a3 Ng4 8. O-O
O-O 9. h3 Nf6 10. b4 Bd6 11. Bg5 a5 12. b5 Ne7 13. Nbd2 h6 14. Bh4 Ng6 15. Bg3
Nf4 16. Nc4 Bc5 17. Ncxe5 Nxd3 18. Qxd3 d5 19. Nh4 Nxe4 20. Bh2 Nxf2 21. Rxf2
Bxf2+ 22. Kh1 Bxh4 23. Ng6 Bf5 24. Qxd5+ Qxd5 25. Ne7+ Bxe7 {White resigns} 0-1

[Event "FICS rated blitz game"]
[Site "FICS freechess.org"]
[Date "2018.01.31"]
[Round "?"]
[White "Flyinghooves"]
[Black "geezerly"]
[Result "1-0"]
[WhiteElo "1123"]
[BlackElo "1246"]
[PlyCount "65"]
[EventDate "2018.??.??"]
[EventType "blitz"]

1. e4 e5 2. Nf3 Nc6 3. c3 Bc5 4. Bc4 d6 5. Qb3 Nh6 6. d4 Na5 7. Qa4+ Bd7 8. Bb5
exd4 9. Bxh6 gxh6 10. Bxd7+ Qxd7 11. Qxa5 dxc3 12. Qxc3 Rg8 13. O-O Qh3 14. g3
O-O-O 15. b4 Bb6 16. Qf6 Rd7 17. Qh4 Qe6 18. Nc3 Rg4 19. Qh3 Rd8 20. Nd5 Qxe4
21. Ne7+ Kb8 22. Rae1 Qxf3 23. Qg2 Qa3 24. h3 Rg7 25. Nf5 Rg6 26. Ne7 Rf6 27.
Nd5 Bxf2+ 28. Rxf2 Rxf2 29. Qxf2 Qd3 30. Nxc7 Kxc7 31. Qxf7+ Rd7 32. Rc1+ Kd8
33. Qf8# {Black checkmated} 1-0

[Event "FICS rated blitz game"]
[Site "FICS freechess.org"]
[Date "2018.01.31"]
[Round "?"]
[White "Cosaron"]
[Black "Forta"]
[Result "0-1"]
[WhiteElo "1545"]
[BlackElo "1490"]
[PlyCount "41"]
[EventDate "2018.??.??"]
[EventType "blitz"]

1. e4 e5 2. Nf3 Nc6 3. c3 d5 4. Bb5 a6 5. Qa4 Bd7 6. exd5 axb5 7. Qxb5 Na5 8.
Qe2 b6 9. Qxe5+ Qe7 10. d4 f6 11. Qxe7+ Nxe7 12. O-O Nxd5 13. Re1+ Kf7 14. Na3
Bxa3 15. bxa3 Nc4 16. Bd2 Ra4 17. h3 Rha8 18. g4 Rxa3 19. Kg2 Rxa2 20. Rxa2
Rxa2 21. Be3 {White resigns} 0-1

[Event "FICS rated standard game"]
[Site "FICS freechess.org"]
[Date "2018.01.31"]
[Round "?"]
[White "Nidifugous"]
[Black "JoeConrad"]
[Result "1-0"]
[WhiteElo "1505"]
[BlackElo "1345"]
[PlyCount "91"]
[EventDate "2018.??.??"]

1. e4 e5 2. Nf3 Nc6 3. c3 h6 4. Bb5 Nf6 5. Bxc6 dxc6 6. Qc2 Bd6 7. b3 Bg4 8.
Nh4 Nxe4 9. Qxe4 Qxh4 10. g3 Qg5 11. f4 Qf5 12. Qxf5 Bxf5 13. fxe5 Bxe5 14. O-O
f6 15. Rxf5 g6 16. Rf3 O-O-O 17. d4 Bd6 18. Rxf6 g5 19. Nd2 Rde8 20. Nf3 g4 21.
Nh4 c5 22. Bf4 Bxf4 23. gxf4 cxd4 24. cxd4 h5 25. a4 Re3 26. Rb1 Rh3 27. Ng6
Rd8 28. Ne5 b6 29. Nc6 Re8 30. Nxa7+ Kb7 31. Nb5 Rhe3 32. Rf7 g3 33. Rxc7+ Kb8
34. hxg3 Rxg3+ 35. Kf2 Reg8 36. Rd1 Rxb3 37. Rdc1 h4 38. R1c3 Rxc3 39. Rxc3 h3
40. Rxh3 Kb7 41. Rh7+ Kc6 42. Rh6+ Kb7 43. d5 Rf8 44. Kf3 Rd8 45. Rh7+ Kc8 46.
Na7+ {Black resigns} 1-0

[Event "FICS rated blitz game"]
[Site "FICS freechess.org"]
[Date "2018.01.31"]
[Round "?"]
[White "JoaoC"]
[Black "Yveshermann"]
[Result "1-0"]
[WhiteElo "1550"]
[BlackElo "1064"]
[PlyCount "63"]
[EventDate "2018.??.??"]
[EventType "blitz"]

1. e4 e5 2. Nf3 Nc6 3. c3 d6 4. Be2 Bg4 5. d3 Bxf3 6. Bxf3 Nf6 7. Nd2 Be7 8.
Nf1 O-O 9. Ng3 d5 10. O-O d4 11. Bg5 Nd7 12. Bxe7 Nxe7 13. c4 Ng6 14. Ne2 Qh4
15. g3 Qh3 16. Bg2 Qh6 17. f4 Nf6 18. f5 Ne7 19. Nc1 Qe3+ 20. Kh1 Qg5 21. Bf3
c6 22. b4 b5 23. c5 g6 24. fxg6 Nxg6 25. Nb3 Nd7 26. Qd2 Qe7 27. Na5 Qe6 28.
Bh5 Qh3 29. Qg5 f6 30. Qg4 Qxg4 31. Bxg4 Nb8 32. Rf2 1-0

[Event "FICS rated blitz game"]
[Site "FICS freechess.org"]
[Date "2018.01.31"]
[Round "?"]
[White "lukapav"]
[Black "pakazuha"]
[Result "0-1"]
[WhiteElo "1525"]
[BlackElo "1486"]
[PlyCount "80"]
[EventDate "2018.??.??"]
[EventType "blitz"]

1. e4 e5 2. Nf3 Nc6 3. c3 Bc5 4. d4 exd4 5. cxd4 Bb6 6. Be3 d6 7. Nc3 Nge7 8.
h3 O-O 9. Be2 a6 10. a3 Ng6 11. b4 Nce7 12. Rc1 c6 13. O-O Bd7 14. Qd2 Rc8 15.
Rfd1 Bc7 16. d5 c5 17. bxc5 Qe8 18. cxd6 Bxd6 19. Qb2 b5 20. Bd4 f6 21. Bd3 Ne5
22. Bxe5 Bxe5 23. Nxe5 fxe5 24. Ne2 Ng6 25. Ng3 Nf4 26. Bf1 Qg6 27. Rxc8 Bxc8
28. Qxe5 h5 29. Rc1 h4 30. Nf5 Nxh3+ 31. Kh2 Bxf5 32. exf5 Qg5 33. gxh3 Qxc1
34. Bg2 Qxa3 35. d6 Qd3 36. Qe6+ Kh8 37. d7 Qd4 38. Be4 Qxf2+ 39. Bg2 Qg3+ 40.
Kh1 Qc7 0-1

[Event "TUR Cup										"]
[Site "Antalya"]
[Date "2018.01.30"]
[Round "6"]
[White "Ozcan, Kadir Kutay"]
[Black "Demircin, Kasim"]
[Result "0-1"]
[WhiteElo "1829"]
[BlackElo "1932"]
[PlyCount "126"]
[EventDate "2018.01.27"]
[EventType "swiss"]
[EventRounds "11"]
[EventCountry "TUR"]
[SourceTitle "OM OTB B 201907"]
[Source "Opening Master"]
[SourceDate "2019.07.06"]
[SourceVersion "2"]
[SourceVersionDate "2019.07.06"]
[SourceQuality "1"]

1. e4 e5 2. Nf3 Nc6 3. c3 d6 4. d4 Be7 5. Bd3 Nf6 6. h3 O-O 7. Be3 exd4 8. cxd4
Nb4 9. Nc3 Nxd3+ 10. Qxd3 b6 11. g4 c5 12. g5 Nd7 13. Nd5 Bb7 14. h4 Re8 15.
O-O-O Bf8 16. g6 hxg6 17. h5 Bxd5 18. exd5 Qf6 19. Ng5 cxd4 20. hxg6 fxg6 21.
Qxd4 Qxd4 22. Rxd4 Be7 23. Ne6 Bf6 24. Rg4 Ne5 25. Rg2 Kf7 26. Kb1 Rac8 27. Bg5
Rh8 28. Rxh8 Rxh8 29. f4 Nd3 30. a3 Rh1+ 31. Ka2 Rd1 32. Nc7 Nc5 33. Re2 a5 34.
Bxf6 gxf6 35. b4 axb4 36. axb4 Nd3 37. Re4 f5 38. Rc4 Ke7 39. Kb3 Rf1 40. Ne6
b5 41. Rc7+ Kf6 42. Rb7 Rf3 43. Rf7+ Kxf7 44. Ng5+ Ke7 45. Nxf3 Nxf4 46. Nd4
Nxd5 47. Nxb5 f4 48. Nd4 g5 49. b5 Kf6 50. Kc4 Nb6+ 51. Kd3 d5 52. Nc6 g4 53.
Kd4 g3 54. Ne5 Kf5 55. Nf3 Kg4 56. Ne5+ Kh3 57. Kd3 g2 58. Nf3 Kg3 59. Ke2 d4
60. Ng1 Nd5 61. b6 Nxb6 62. Kd3 f3 63. Kxd4 f2 0-1

[Event "FICS rated blitz game"]
[Site "FICS freechess.org"]
[Date "2018.01.30"]
[Round "?"]
[White "bakonyi"]
[Black "Thesevs"]
[Result "1-0"]
[WhiteElo "1986"]
[BlackElo "1846"]
[PlyCount "65"]
[EventDate "2018.??.??"]
[EventType "blitz"]

1. e4 e5 2. Nf3 Nc6 3. c3 Bc5 4. d4 exd4 5. cxd4 Bb6 6. Nc3 d6 7. Bb5 Bd7 8.
Nd5 Nge7 9. Nxb6 axb6 10. O-O O-O 11. h3 f5 12. exf5 Bxf5 13. Bd3 Bd7 14. Bg5
Qe8 15. Re1 Qf7 16. Rc1 Ng6 17. d5 Nb4 18. Rxc7 Nxd3 19. Qxd3 Qf5 20. Qxf5 Bxf5
21. a3 Rab8 22. Be7 Nxe7 23. Rexe7 Rbc8 24. Rxg7+ Kh8 25. Nd4 Be4 26. Ne6 Rxc7
27. Rxc7 Rb8 28. Nf4 Rf8 29. g3 Rf5 30. Rxb7 Bxd5 31. Nxd5 Rxd5 32. Rxb6 Kg7
33. b4 {Black resigns} 1-0

[Event "FICS rated blitz game"]
[Site "FICS freechess.org"]
[Date "2018.01.30"]
[Round "?"]
[White "turnipforwhat"]
[Black "echecamat"]
[Result "1-0"]
[WhiteElo "1066"]
[BlackElo "1188"]
[PlyCount "97"]
[EventDate "2018.??.??"]
[EventType "blitz"]

1. e4 e5 2. Nf3 Nc6 3. c3 Nf6 4. d3 d5 5. Nbd2 dxe4 6. dxe4 Bc5 7. Be2 O-O 8.
O-O Be6 9. b4 Bb6 10. Bb2 a6 11. Qe1 Nd7 12. Rd1 f6 13. a3 Qe8 14. c4 Rd8 15.
c5 Ba7 16. Bc4 Bxc4 17. Nxc4 Ne7 18. Bc1 b6 19. cxb6 cxb6 20. Nd6 Qg6 21. Nh4
Qh5 22. Ndf5 Nxf5 23. Nxf5 Bb8 24. Ne7+ Kh8 25. Nc6 Rc8 26. Ne7 Rcd8 27. Nc6
Rc8 28. Ne7 Rcd8 29. Be3 Rf7 30. Nc6 Rc8 31. Nxb8 Rxb8 32. f3 b5 33. Qf2 f5 34.
exf5 Qxf5 35. Ba7 Rb7 36. Bc5 Nf6 37. Be3 Rbd7 38. Rxd7 Rxd7 39. Rc1 Qd3 40.
Rc8+ Rd8 41. Rxd8+ Qxd8 42. h3 h6 43. Bc5 Nh5 44. Kh2 Qf6 45. Qe3 Nf4 46. Qf2
Nd3 47. Qe3 Qf4+ 48. Kg1 Qc4 49. Be7 1-0

[Event "FICS rated blitz game"]
[Site "FICS freechess.org"]
[Date "2018.01.30"]
[Round "?"]
[White "bakonyi"]
[Black "Thesevs"]
[Result "1-0"]
[WhiteElo "1989"]
[BlackElo "1843"]
[PlyCount "87"]
[EventDate "2018.??.??"]
[EventType "blitz"]

1. e4 e5 2. Nf3 Nc6 3. c3 Bc5 4. d4 exd4 5. cxd4 Bb6 6. Nc3 Nge7 7. d5 Nb8 8.
Bg5 f6 9. Bh4 d6 10. Bd3 Bg4 11. h3 Bh5 12. Be2 Nd7 13. Nd4 Bg6 14. Ne6 Qc8 15.
Nxg7+ Kf7 16. Ne6 Nc5 17. Nxc5 Bxc5 18. Bg4 Qe8 19. Be6+ Kg7 20. O-O Rf8 21.
Na4 Bh5 22. Qc2 Bd4 23. Rad1 Be5 24. f4 Bxd1 25. Qxd1 Ng6 26. Bg3 Qb5 27. fxe5
fxe5 28. Bf5 Rf6 29. b3 Raf8 30. Nc3 Qe8 31. Bf2 b6 32. g4 Ne7 33. Be3 h5 34.
Bg5 R6f7 35. Qd2 Nxf5 36. exf5 hxg4 37. Bh6+ Kh7 38. Bxf8 Qxf8 39. hxg4 Qg8 40.
Qh2+ Kg7 41. Kf2 Kf8 42. Kf3 Rg7 43. Qh6 b5 44. Ne4 1-0

[Event "FICS rated blitz game"]
[Site "FICS freechess.org"]
[Date "2018.01.30"]
[Round "?"]
[White "bakonyi"]
[Black "Thesevs"]
[Result "0-1"]
[WhiteElo "1992"]
[BlackElo "1840"]
[PlyCount "74"]
[EventDate "2018.??.??"]
[EventType "blitz"]

1. e4 e5 2. Nf3 Nc6 3. c3 Bc5 4. d4 exd4 5. cxd4 Bb6 6. Nc3 d6 7. h3 Nge7 8.
Bg5 f6 9. Be3 O-O 10. Bc4+ Kh8 11. O-O f5 12. exf5 Bxf5 13. Nd5 Be4 14. Nxe7
Qxe7 15. Ng5 d5 16. Nxe4 Qxe4 17. Bd3 Qh4 18. Bb5 Nxd4 19. g3 Qe4 20. Bxd4 Bxd4
21. Bd3 Qf3 22. Qxf3 Rxf3 23. Be2 Rxg3+ 24. Kh2 Rg5 25. Rad1 Bxb2 26. Rb1 Be5+
27. f4 Bxf4+ 28. Rxf4 b6 29. Bf3 Rd8 30. Rf7 Rc8 31. Re1 h6 32. Rd7 c6 33. Rxa7
Rf8 34. Bg4 Rf2+ 35. Kg3 Rb2 36. Re8+ Kh7 37. Rf8 h5 0-1

[Event "FICS rated blitz game"]
[Site "FICS freechess.org"]
[Date "2018.01.30"]
[Round "?"]
[White "kiknit"]
[Black "JustResign"]
[Result "0-1"]
[WhiteElo "1470"]
[BlackElo "1468"]
[PlyCount "86"]
[EventDate "2018.??.??"]
[EventType "blitz"]

1. e4 e5 2. Nf3 Nc6 3. c3 Bc5 4. d4 exd4 5. cxd4 Bb4+ 6. Nc3 d6 7. Bb5 Bd7 8.
Bc4 Nf6 9. e5 dxe5 10. dxe5 Bxc3+ 11. bxc3 Ne4 12. Bf4 O-O 13. O-O Nxc3 14. Qc2
b5 15. Bd5 b4 16. Ng5 g6 17. Bxf7+ Rxf7 18. Nxf7 Kxf7 19. Qb3+ Be6 20. Qc2 Nd4
21. Qd3 c5 22. Bd2 Nd5 23. Bh6 a5 24. Rac1 Qb6 25. Qe4 Rc8 26. h4 Qc6 27. h5
Nc3 28. Qf4+ Bf5 29. hxg6+ hxg6 30. Qg5 Nde2+ 31. Kh1 Nxc1 32. Rxc1 Rh8 33. Re1
Qe6 34. f3 Nxa2 35. g4 Nc3 36. gxf5 Qxf5 37. e6+ Ke8 38. Qh4 Qh5 39. Qxh5 gxh5
40. Bg7 Rg8 41. Bh6 Rg6 42. Bf4 Ke7 43. Re5 Rxe6 0-1